Регионална библиотека "Любен Каравелов" - Русе

Тема с вариациями (Запис номер 351193)

MARC детайли
000 -Лидер
Контролно поле с фиксирана дължина ncm a22 a 4500
003 - Код на организацията, давaща контролен номер
Контролно поле BLK
005 - Дата и час на последна редакция
Контролно поле 20200416065702.0
008 - Елементи от данни с фиксирана дължина
fixed length control field 200403b bu ||||| |||| 00| 0 bu d
040 ## - Източник на каталожния запис
Идентификатор на билиотеката - собственик на записа BLK
041 ## - Код за език
Код за езика на текст/звукозапис или на отделно заглавие Руски
Код за езика КДБФ Руски
080 ## - УДК
Текстов определител УДК Дуо тромбон и пиано
УДК код - определител по УДК 785.72:788.2:786.2
УДК - код + определител 785.72:788.2:786.2
100 ## - Редна дума - Автор
R(LIN) 362674
Автор Дварионас, Балис Доминико
Авторска отговорност първи автор
139 ## - Редно поле
Редна дума Дварионас, Балис Доминико
Авторски знак Дв - Д 26
245 ## - Сведения за заглавието
Заглавие Тема с вариациями
Подзаглавни данни Для тромбона с фортепиано
Редно поле (дума) Балис Доминникович
257 ## - Страна на издаване
Страна на създаване/издаване СССР
260 ## - Област на издателските данни
9 (RLIN) 402764
Място на издаване, разпространение и проч. Москва
Име на издателя, разпространителя и проч. Музыка
Година на издаване 1967
300 ## - Физическа характеристика
Страници 15 с.
Размери/Мащаб 30 см
380 ## - Жанр
Жанр Изкуство
650 #0 - Допълнително описание по предмет – тема
9 (RLIN) 403607
Основно описание – тема или топоним Дуо - тромбон и пиано
653 #7 - Ключова дума – ненормативна
9 (RLIN) 198691
Ключова дума тромбони
653 #7 - Ключова дума – ненормативна
9 (RLIN) 193730
Ключова дума пиано
852 ## - Местоположение
Форматна сигнатура Цб М ІІ 4635
999 ## - СИСТЕМНИ КОНТРОЛНИ НОМЕРА
Koha biblionumber 351193
Koha biblioitemnumber 351193
942 ## - АРТИКУЛИ
Вид на библиотечния материал Нотни издания
Скрит в OPAC Не
Периодичен библиозапис Да
944 ## - СЪЗДАВАНЕ И РЕДАКЦИЯ на ЗАПИСА
Дата на регистрацията/редакция 2020-04-03
Служител, извършил регистрацията/редакцията Валентина Сараджова
999 ## - СИСТЕМНИ КОНТРОЛНИ НОМЕРА
Koha biblioitemnumber 351193
999 ## - СИСТЕМНИ КОНТРОЛНИ НОМЕРА
Koha biblioitemnumber 351193
Наличности
Код за отписване Код за изгубен артикул Източник на класификационната схема Код за повреда Коз за рестрикции Код за отдаване Артикулен № Име на библиотеката - собственик Име на библиотеката, в която се намира в момента Статус (Текущо местоположение) Дата на вписване в системата Местоположение - отдел Цена в лева Инвентарен номер Систематично азбучна сигнатура Баркод Цена в евро Служебен тип на артикула
  Не е изгубен Universal Decimal Classification Не е повреден без рестрикции заемане за дома 758207 Регионална библиотека "Любен Каравелов" Русе Регионална библиотека "Любен Каравелов" Русе Отдел Изкуство - подръчен фонд 2020-04-03 Отдел Изкуство - подръчен фонд 0.20 13910/67 788/Д 26 Б 900000002703 0.10 Нотни издания
  Не е изгубен Universal Decimal Classification Не е повреден само за читалня ползва се в читалня 764679 Регионална библиотека "Любен Каравелов" Русе Регионална библиотека "Любен Каравелов" Русе Хранилище 2020-04-26 Основен фонд - ползва се само за читалня 0.20 13911/67 Цб M II 4635 900000005430 0.10 Нотни издания
Vip Innovations Ltd, Rousse, Bulgaria 2025